000 00504nam a2200181Ia 4500
001 20638
005 20260306172820.0
008 260306t1996||||xx |||||||||||||| ||spa||
041 _aESP
082 _a343.6
_bC45A
100 _aCervantes Anaya, Dante, 1958
_eAUT
245 0 _aDerecho administrativo y administración pública:
_bdoctrina, procedimiento, legislación, jurisprudencia
260 _c1996
300 _a583 P.
_c21 cm.
650 _aGEN
654 _aCDE
942 _cLIB
_dJUS
_fJUS
_2ddc
_n
999 _c20638
_d20638